| 000 | 00656nam a22002177a 4500 | ||
|---|---|---|---|
| 999 |
_c6303 _d6303 |
||
| 003 | AR-CdUCM | ||
| 008 | 190314b ||||| |||| 00| 0 spa d | ||
| 040 |
_aMUNICIPALIDAD PROVINCIAL DEL CUSCO _cBIBLIOTECA MUNICIPAL DEL CUSCO |
||
| 082 |
_a869.26 / _bP95 |
||
| 100 |
_aPrilutzky Farny, Julia _918069 |
||
| 245 |
_aViaje sin partida : _b(sonetos) / |
||
| 260 |
_aBuenos Aires : _bEdit. Vértice, _c1942. |
||
| 300 |
_a125 paginas ; _c19 cm. |
||
| 500 | _aDonación familia Nieto | ||
| 505 | _aContenido :Poesías / | ||
| 650 |
_aLiteratura argentina _984 |
||
| 650 |
_aPoesías _92272 |
||
| 650 |
_aSiglo XX _98 |
||
| 942 |
_2ddc _cLIBROS |
||
| 945 | _arjall | ||